UBT Library

Laboratory manual for anatomy and physiology: (Record no. 1803)

000 -LEADER
fixed length control field 00293nam a22001097a 4500
008 - FIXED-LENGTH DATA ELEMENTS--GENERAL INFORMATION
fixed length control field 160505b xxu||||| |||| 00| 0 eng d
020 ## - INTERNATIONAL STANDARD BOOK NUMBER
International Standard Book Number 9780470084700
041 ## - LANGUAGE CODE
Language code of text/sound track or separate title eng
080 ## - UNIVERSAL DECIMAL CLASSIFICATION NUMBER
Universal Decimal Classification number 611
245 ## - TITLE STATEMENT
Title Laboratory manual for anatomy and physiology:
Statement of responsibility, etc Connie Allen; Valerie Harper;
942 ## - ADDED ENTRY ELEMENTS (KOHA)
Source of classification or shelving scheme
Item type Books
Holdings
Withdrawn status Lost status Source of classification or shelving scheme Damaged status Not for loan Collection code Permanent location Current location Shelving location Date acquired Total Checkouts Full call number Barcode Date last seen Price effective from Koha item type
          Koleksioni i përgjithshem UBT - Lipjan UBT - Lipjan Koleksioni i përgjithshem 05/05/2016   611 ALL 002-028127 05/05/2016 05/05/2016 Books
UBT Library © 2015-2024. All rights reserved University Education for Business and Technology